<?xml version="1.0" encoding="UTF-8"?>
<record
    xmlns:xsi="http://www.w3.org/2001/XMLSchema-instance"
    xsi:schemaLocation="http://www.loc.gov/MARC21/slim http://www.loc.gov/standards/marcxml/schema/MARC21slim.xsd"
    xmlns="http://www.loc.gov/MARC21/slim">

  <leader>00710nam a2200169Ia 4500</leader>
  <controlfield tag="008">090711s9999    xx            000 0 und d</controlfield>
  <datafield tag="082" ind1=" " ind2=" ">
    <subfield code="b">247</subfield>
  </datafield>
  <datafield tag="100" ind1=" " ind2=" ">
    <subfield code="a">&#x938;&#x93E;&#x935;&#x902;&#x924; &#x936;&#x936;&#x93F;&#x915;&#x93E;&#x902;&#x924; (&#x938;&#x902;&#x92A;&#x93E;.)</subfield>
  </datafield>
  <datafield tag="245" ind1=" " ind2=" ">
    <subfield code="a">&#x914;&#x926;&#x941;&#x902;&#x92C;&#x930; &#x92A;&#x941;&#x938;&#x94D;&#x924;&#x915;&#x93E;&#x902;S&#x92F;&#x93E; &#x938;&#x939;&#x935;&#x93E;&#x938;&#x93E;&#x924;</subfield>
  </datafield>
  <datafield tag="260" ind1=" " ind2=" ">
    <subfield code="b">&#x914;&#x926;&#x941;&#x902;&#x92C;&#x930; &#x92A;&#x94D;&#x930;&#x915;&#x93E;&#x936;&#x928;</subfield>
    <subfield code="c">1998</subfield>
  </datafield>
  <datafield tag="300" ind1=" " ind2=" ">
    <subfield code="a">76</subfield>
  </datafield>
  <datafield tag="600" ind1=" " ind2=" ">
    <subfield code="a">&#x938;&#x93E;&#x935;&#x902;&#x924; &#x936;&#x936;&#x93F;&#x915;&#x93E;&#x902;&#x924; (&#x938;&#x902;&#x92A;&#x93E;.)</subfield>
  </datafield>
  <datafield tag="630" ind1=" " ind2=" ">
    <subfield code="a">&#x914;&#x926;&#x941;&#x902;&#x92C;&#x930; &#x92A;&#x941;&#x938;&#x94D;&#x924;&#x915;&#x93E;&#x902;S&#x92F;&#x93E; &#x938;&#x939;&#x935;&#x93E;&#x938;&#x93E;&#x924;</subfield>
  </datafield>
  <datafield tag="700" ind1=" " ind2=" ">
    <subfield code="a">&#x938;&#x93E;&#x935;&#x902;&#x924; &#x936;&#x936;&#x93F;&#x915;&#x93E;&#x902;&#x924; (&#x938;&#x902;&#x92A;&#x93E;.)</subfield>
  </datafield>
  <datafield tag="730" ind1=" " ind2=" ">
    <subfield code="a">&#x914;&#x926;&#x941;&#x902;&#x92C;&#x930; &#x92A;&#x941;&#x938;&#x94D;&#x924;&#x915;&#x93E;&#x902;S&#x92F;&#x93E; &#x938;&#x939;&#x935;&#x93E;&#x938;&#x93E;&#x924;</subfield>
  </datafield>
  <datafield tag="942" ind1=" " ind2=" ">
    <subfield code="c">BOOK</subfield>
  </datafield>
  <datafield tag="999" ind1=" " ind2=" ">
    <subfield code="c">335167</subfield>
    <subfield code="d">335167</subfield>
  </datafield>
</record>
